Statistiques concernant Territoire de Belfort + Haute Saone = 26

Cliquez ici pour prendre le quiz!

Statistiques générales

  • Ce quiz a été pris 32 fois
  • Le résultat moyen est 18 sur 26

Statistiques - réponses

Département% Correct
Ain
86%
Aude
82%
Aisne
79%
Aube
79%
Eure
79%
Loire
79%
Saone et Loire
79%
Eure et Loir
75%
Isere
75%
Haute Loire
71%
Loiret
71%
Oise
71%
Herault
68%
Indre
68%
Orne
68%
Rhone
68%
Indre et Loire
64%
Landes
64%
Tarn
64%
Bas Rhin
61%
Doubs
61%
Lot
61%
Nord
61%
Sarthe
61%
Finistere
50%
Seine
46%

Distribution des résultats

Percentile par nombre de réponses

% des personnes avec chaque résultat

Votre développement - résultats

Vous n’avez pas pris ce quiz